ENSAYO SOBRE LAS PASIONES/

INDICE

Saved in:
Bibliographic Details
Main Author: Ribot, T. (autor)
Format: Book
Subjects:
Tags: Add Tag
No Tags, Be the first to tag this record!

MARC

LEADER 00000nam^a2200000^a^4500
001 000219453
005 20250521000000.0
009 20260310103818.341
035 |a 000183 
037 |a Acervo Xavier Clavigero 
082 |a 152. 4  |b RIB 
100 |a Ribot, T.  |e (autor) 
245 1 0 |a ENSAYO SOBRE LAS PASIONES/  |c TH. RIBOT; TR. DOMINGO VACA 
264 |a MADRID :  |b DANIEL JORRO,  |c 1907 
300 |a 219p. 
336 |a texto  |b txt  |2 rdacontenido 
337 |a sin mediación  |b n  |2 rdamedio 
338 |a volumen  |b nc  |2 rdasoporte 
520 |a INDICE 
649 |a XX 
650 |a Emoción 
650 |a Sentidos y Sensaciones 
650 |a PSICOLOGIA 
910 |a Fondo General 
920 |a Impresos - Libros 
930 |a Colección General 
905 |a 101 
901 |a 000183  |b IT1  |c ACC  |i 000183  |u 20250521 
902 |a https://opac.biblio.iteso.mx/vufind/Record/000219453